مكتبة جامعة عجلون الوطنية

فهرس بحث المكتبة

Normal view MARC view
  • تنظيم المركز الإقليمي للأمن الإنساني في المعهد البلوماسي الأردني؛ تحرير وتقديم عاطف غضيبات، تحرير وتقديم روان فضايل بهو؛ ترجمة عبدالله الشناق

Entry Personal Name

Number of records used in: 1

001 - CONTROL NUMBER

  • control field: 46520

003 - CONTROL NUMBER IDENTIFIER

  • control field: JO-AjAnu

005 - DATE AND TIME OF LATEST TRANSACTION

  • control field: 20230606081704.0

008 - FIXED-LENGTH DATA ELEMENTS

  • fixed length control field: 230606|| aca||aabn | a|a d

040 ## - CATALOGING SOURCE

  • Original cataloging agency: JO-AjAnu
  • Transcribing agency: JO-AjAnu

100 ## - HEADING--PERSONAL NAME

  • Personal name: تنظيم المركز الإقليمي للأمن الإنساني في المعهد البلوماسي الأردني؛ تحرير وتقديم عاطف غضيبات، تحرير وتقديم روان فضايل بهو؛ ترجمة عبدالله الشناق

670 ## - SOURCE DATA FOUND

  • Source citation: Work cat.: (JO-AjAnu)23813: تنظيم المركز الإقليمي للأمن الإنساني في المعهد البلوماسي الأردني؛ تحرير وتقديم عاطف غضيبات، تحرير وتقديم روان فضايل بهو؛ ترجمة عبدالله الشناق, author, النوع الاجتماعي والتحول الديمراطي في المنطقة العربية: الأوراق المقدمة في ورشة العمل الإقليمية حول النوع الاجتماعي والتحول الديمقراطي في الوطن العربي عمان - الاردن 11-13 اذار 2002 = Gender and Democratization in the Arab Region